| 000 -ლიდერი |
| ფიქსირებული სიგრძის საკონტროლო ველი |
01124nam a2200253Ia 4500 |
| 001 - საკონტროლო ნომერი |
| საკონტროლო ველი |
23664 |
| 003 - საკონტროლო ნომრის იდენტიფიკატორი |
| საკონტროლო ველი |
GE_BSU |
| 005 - ბოლო ოპერაციის თარიღი და დრო |
| საკონტროლო ველი |
20260223172759.0 |
| 008 - ფიქსირებული სიგრძის მონაცემთა ელემენტები - ზოგადი ინფორმაცია |
| ფიქსირებული სიგრძის საკონტროლო ველი |
181216s1984||||ge |||||||||||||| ||geo|| |
| 040 ## - კატალოგიზაციის წყარო |
| Transcribing agency |
GE_BSU |
| 041 ## - ენის კოდი |
| Language code of text/sound track or separate title |
geo |
| 080 ## - უნივერსალური ათობითი კლასიფიკაციის ინდექსი |
| Universal Decimal Classification number |
617-089(075.8) ბ-89 |
| 100 ## - მთავარი ჩანაწერი - პიროვნების სახელი |
| Personal name |
ბოჭორიშვილი, გ. |
| 9 (RLIN) |
11552 |
| 245 ## - ცნობა სათაურის შესახებ |
| Title |
ზოგადი ქირურგია : |
| Remainder of title |
სახელმძღვ. სამედ. ინ-ტის სტუდენტებისათვის / |
| Statement of responsibility, etc |
გ. ბოჭორიშვილი ; რედ.: ე. ივანაშვილი. |
| 250 ## - გამოცემის ცნობა |
| Edition statement |
მე-2 გადამუშ. და შევს. გამოცემა |
| 264 ## - წარმოების, გამოცემის, დისტრიბუციის და სხვა ცნობები |
| გამოცემის, წარმოების, დისტრიბუციის... ადგილი |
თბილისი : |
| გამოცემის, წარმოების, დისტრიბუციის... სახელწოდება |
განათლება, |
| გამოცემის, წარმოების, დისტრიბუციის... თარიღი |
1984. |
| 300 ## - ფიზიკური აღწერა |
| Extent |
791 გვ. : |
| Other physical details |
ილ. 4ფ. ; |
| Dimensions |
26 სმ. |
| 500 ## - ზოგადი შენიშვნა |
| General note |
საძიებელი : გვ. 766-781 |
| 653 ## - INDEX TERM--UNCONTROLLED |
| Uncontrolled term |
ზოგადი ქირურგია |
| 653 ## - INDEX TERM--UNCONTROLLED |
| Uncontrolled term |
მედიცინა |
| 700 ## - ADDED ENTRY--PERSONAL NAME |
| Personal name |
ივანაშვილი, ე. |
| Relator term |
რედაქტორი |
| 9 (RLIN) |
5394 |
| 942 ## - ADDED ENTRY ELEMENTS (KOHA) |
| Koha item type |
წიგნი |
| Source of classification or shelving scheme |
|